logo

Bir Sreshtho Munshi Abdur Rouf Library
Jhenaidah Cadet College

পৃথিবীটা অনেক বড় / (Record no. 12009)

MARC details
000 -LEADER
fixed length control field 00755nam a2200241 a 4500
001 - CONTROL NUMBER
JCCL Control Number 12009
003 - CONTROL NUMBER IDENTIFIER
JCCL marc code BD-JhCC
005 - DATE AND TIME OF LATEST TRANSACTION
control field 20220623134024.0
008 - FIXED-LENGTH DATA ELEMENTS--GENERAL INFORMATION
fixed length control field 210301b20102017bg |||| ||a| 000 0 ben d
020 ## - INTERNATIONAL STANDARD BOOK NUMBER
International Standard Book Number 9847020900610
035 ## - SYSTEM CONTROL NUMBER
system control number (BD-JhCC)12009
040 ## - CATALOGING SOURCE
Original cataloging agency BD-JhCC
Modifying agency BD-JhCC
041 ## - LANGUAGE CODE
Language code of Book Bengali
082 ## - DEWEY DECIMAL CLASSIFICATION NUMBER
Classification number 813.54
Author mark and Year ASI 2017
100 ## - MAIN ENTRY--PERSONAL NAME
Personal name আসিমভ,আইজাক
245 ## - TITLE STATEMENT
Title পৃথিবীটা অনেক বড় /
Statement of responsibility, etc আইজাক আসিমভ, অনু: অনিশা দত্ত ।
260 ## - PUBLICATION, DISTRIBUTION, ETC. (IMPRINT)
Place of publication, distribution, etc ঢাকা:
Name of publisher, distributor, etc সন্দেশ;
Date of publication, distribution, etc ২০১৭.
300 ## - PHYSICAL DESCRIPTION
Pagination 207 p. :
Dimensions 22 cm.
650 ## - SUBJECT ADDED ENTRY--TOPICAL TERM
Topical term or geographic name as entry element Bengali Science Fiction
700 ## - ADDED ENTRY--PERSONAL NAME
Personal name দত্ত,অনিশা
942 ## - ADDED ENTRY ELEMENTS (KOHA)
Source of classification or shelving scheme Dewey Decimal Classification
Koha item type Books
Koha issues (borrowed), all copies 5
Holdings
Source of classification or shelving scheme Damaged status Not for loan Home library Current library Shelving location Date of accession Source of acquisition Cost, normal purchase price Total Checkouts Full call number Barcode Date last seen Date checked out Copy number Koha item type
Dewey Decimal Classification     JCC Rouf Library JCC Rouf Library General Stacks 03/03/2021 Lt. Gen. Mahfuzur Rahman (10th intake) 248.00 6 813.54 ASI 2017 16533 02/22/2024 02/01/2024 C-1 Books

JCC Library | Contacts | JCC Home

Last Update on 23 September 2017
Copyright @ 2017-2020 JCC Rouf Library
Rouf Library, Jhenidah Cadet College (JCC), Bangladesh